| 000 -LEADER |
| fixed length control field |
00579cas a2200205 a 4500 |
| 022 0# - INTERNATIONAL STANDARD SERIAL NUMBER |
| ISSN |
1044-9280 |
| 040 ## - CATALOGING SOURCE |
| Transcribing agency |
NNSaB |
| 082 00 - DEWEY DECIMAL CLASSIFICATION NUMBER |
| Classification number |
380 WAS 1983 C153 Or. |
| 245 00 - TITLE STATEMENT |
| Title |
European markets / |
| 260 ## - PUBLICATION, DISTRIBUTION, ETC. (IMPRINT) |
| Place of publication |
Washington, D.C. : |
| Name of publisher |
Washington Researchers, |
| Year of publication |
c1983- |
| 300 ## - PHYSICAL DESCRIPTION |
| Number of Pages |
v. ; |
| Dimensions |
28 cm. |
| 500 ## - GENERAL NOTE |
| General note |
"A guide to company and industry information" (varies slightly). |
| 650 #0 - SUBJECT ADDED ENTRY--TOPICAL TERM |
| Topical Term |
Industries |
| 650 #0 - SUBJECT ADDED ENTRY--TOPICAL TERM |
| Topical Term |
Industries |
| 650 #0 - SUBJECT ADDED ENTRY--TOPICAL TERM |
| Topical Term |
Commerce |
| 650 #0 - SUBJECT ADDED ENTRY--TOPICAL TERM |
| Topical Term |
Export marketing |
| 710 2# - ADDED ENTRY--CORPORATE NAME |
| Corporate name or jurisdiction name as entry element |
Washington Researchers. |
| 710 2# - ADDED ENTRY--CORPORATE NAME |
| Corporate name or jurisdiction name as entry element |
Washington Researchers Publishing. |
| 942 ## - ADDED ENTRY ELEMENTS (KOHA) |
| Koha item type |
ADB |
| 952 ## - LOCATION AND ITEM INFORMATION (KOHA) |
| Withdrawn status [LOCAL, KOHA] |
0 |